Commerce of Culture: Experience of Indian Handicrafts (Record no. 220381)
[ view plain ]
| 000 -LEADER | |
|---|---|
| fixed length control field | 01109nam a22002417a 4500 |
| 005 - DATE AND TIME OF LATEST TRANSACTION | |
| control field | 20211104141610.0 |
| 008 - FIXED-LENGTH DATA ELEMENTS--GENERAL INFORMATION | |
| fixed length control field | 211104b ||||| |||| 00| 0 eng d |
| 020 ## - INTERNATIONAL STANDARD BOOK NUMBER | |
| International Standard Book Number | 817062004x |
| 040 ## - CATALOGING SOURCE | |
| Transcribing agency | AL |
| 041 ## - LANGUAGE CODE | |
| Language code of text/sound track or separate title | eng |
| 082 ## - DEWEY DECIMAL CLASSIFICATION NUMBER | |
| Edition number | 23 |
| Classification number | 338.47 |
| Item number | CABC |
| 100 ## - MAIN ENTRY--PERSONAL NAME | |
| Personal name | Vincent Cable: Ann Weston: L C Jain |
| 9 (RLIN) | 9702 |
| 245 ## - TITLE STATEMENT | |
| Title | Commerce of Culture: Experience of Indian Handicrafts |
| 260 ## - PUBLICATION, DISTRIBUTION, ETC. | |
| Place of publication, distribution, etc. | New Delhi |
| Name of publisher, distributor, etc. | Lancer International |
| Date of publication, distribution, etc. | 1986 |
| 300 ## - PHYSICAL DESCRIPTION | |
| Extent | 237 p. |
| Other physical details | HB |
| Dimensions | 23x14 cm. |
| 365 ## - TRADE PRICE | |
| Price amount | 150.00 |
| Currency code | ₹ |
| Unit of pricing | 150.00 |
| 520 ## - SUMMARY, ETC. | |
| Summary, etc. | The Present Study Lucidly Analyses The Major Issues Having A Bearing On The Role Of Handicrafts And Handloom Products In India`S Economy And International Trade. This Pioneering Effort Should Be Of Major Interest To Policy Makers, Associations Of Producers And Exporters, Marketing Experts And Social Welfare Agencies. |
| Uniform Resource Identifier | <a href="https://wosevujatusifi.inkpaperster.icu/the-commerce-of-culture-book-14767sv.php">https://wosevujatusifi.inkpaperster.icu/the-commerce-of-culture-book-14767sv.php</a> |
| 650 ## - SUBJECT ADDED ENTRY--TOPICAL TERM | |
| Topical term or geographic name entry element | Production Economics |
| 9 (RLIN) | 9703 |
| 650 ## - SUBJECT ADDED ENTRY--TOPICAL TERM | |
| Topical term or geographic name entry element | Handicrafts |
| 9 (RLIN) | 9704 |
| 650 ## - SUBJECT ADDED ENTRY--TOPICAL TERM | |
| Topical term or geographic name entry element | Handlooms |
| 9 (RLIN) | 9705 |
| 700 ## - ADDED ENTRY--PERSONAL NAME | |
| Personal name | CABLE (Vincent): WESTON (Ann): JAIN (L C) |
| 9 (RLIN) | 9706 |
| 942 ## - ADDED ENTRY ELEMENTS (KOHA) | |
| Source of classification or shelving scheme | Dewey Decimal Classification |
| Koha item type | George Fernandes Collections |
| Withdrawn status | Lost status | Source of classification or shelving scheme | Damaged status | Not for loan | Collection code | Home library | Current library | Date acquired | Total Checkouts | Full call number | Barcode | Date last seen | Uniform Resource Identifier | Price effective from | Koha item type |
|---|---|---|---|---|---|---|---|---|---|---|---|---|---|---|---|
| Dewey Decimal Classification | Economics | St Aloysius Library | St Aloysius Library | 03/24/2013 | 338.47 CABC | GF01673 | 11/04/2021 | https://wosevujatusifi.inkpaperster.icu/the-commerce-of-culture-book-14767sv.php | 11/04/2021 | George Fernandes Collections |